000
00368nam a2200169Ia 4500
003
0STCL
008
150530s9999 xx 000 0 und d
040
_a
STCL
_c
STCL
100
_a
Howard Fast
245
_a
Citizen Tom Pain
260
_b
Southern Book
_c
1960
300
_a
0
546
_a
Malayalam
942
_2
ddc
_c
BK
999
_c
76017
_d
76017
005
20220125171620.0